000 00638nam a2200217Ia 4500
003 GCL
005 20240530110859.0
008 140319s1999 nyuab 000 0 eng d
020 _a0886878489
040 _aGCL /
_cGCL
082 0 4 _a030.909/
_bW W
100 1 _aLori P, Wiesenfeld.
245 1 4 _aTHE WORLD OF ALMANAC And BOOK Of FACTS 2000 /
_cWiesenfeld Lori P
260 _aنيويورك :
_bWORLD ALMANAC BOOKS ،
_c1999.
300 _a1024 P.:
_bCOL. ILL. ؛
_c21 cm.
650 0 4 _aALMANACS
650 0 4 _aFACTS - YEAR BOOKS - 1996
650 0 4 _aENCYCLOPEDIAS - YEAR BOOKS
700 1 _aCOLEMAN, PATRICIA
942 _2ddc
_cBK
999 _c66088
_d66088